| 000 | 00751 a2200241 4500 | ||
|---|---|---|---|
| 005 | 20260309101857.0 | ||
| 008 | 260109b |||||||| |||| 00| 0 eng d | ||
| 020 | _a9788175993105 (pbk) | ||
| 037 | _cTB | ||
| 040 |
_aCRL _cCRL |
||
| 041 |
_2eng _aeng |
||
| 084 |
_aW94xM61 R4 _qCRL |
||
| 100 |
_aTagore, Rabindranath _9855951 |
||
| 245 | _aNationalism | ||
| 260 |
_aNew Delhi, India: _bFingerprint Publishing, _c2024. |
||
| 300 | _a117p. | ||
| 365 |
_c149.00 _dINR |
||
| 650 | _aPolitical Science | ||
| 650 | _aNationalism | ||
| 650 |
_aRabindranath Tagore _91131289 |
||
| 942 |
_cTB _2CC _n0 _hW94xM61 R4 |
||
| 999 |
_c1466218 _d1466218 |
||